000 01013nam a22002537a 4500
999 _c4839
_d4839
003 AR-CdUCM
008 190311b ||||| |||| 00| 0 spa d
020 _a84-283-0112-3
040 _aMUNICIPALIDAD PROVINCIAL DEL CUSCO
_cBIBLIOTECA MUNICIPAL DEL CUSCO
082 _a400 /
_bSA232
_23ed.
100 _aSantamaría, Andres
_914899
245 _aDiccionario de incorrecciones, particularidades y curiosidades del lenguaje /
260 _aMadrid :
_bParaninfo,
_c1975.
300 _a531 páginas ;
_c21 cm.
505 _aContenido: Prologo a la nueva edición -- Diccionario de incorrecciones del lenguaje -- Apéndice gramatical.
650 _aVoces y locuciones incorrectas
_914900
650 _aLas palabras que se debe utilizar
_914901
650 _aLas incorrecciones que debemos conocer
_914902
650 _alas curiosidades lingüísticas que enriquecerán nuestra cultura
_914903
700 _aCuartas, Augusto
_914904
700 _aMangada, Joaquin
_914905
942 _2ddc
_cLIBROS
945 _acmm